| 000 | 00752cam a22002294a 4500 | ||
|---|---|---|---|
| 001 | 12354828 | ||
| 005 | 20250314203349.0 | ||
| 008 | 010322s2002 paua 001 0 eng | ||
| 020 | _a1582551340 (pbk. : alk. paper) | ||
| 050 | 0 | 0 |
_aRS57 _b.D67 2002 |
| 082 | 0 | 0 |
_a615/.14 _221 |
| 245 | 0 | 0 | _aDosage calculations made incredibly easy! |
| 250 | _a2nd ed. | ||
| 260 |
_aSpringhouse, Pa. : _bSpringhouse, _cc2002. |
||
| 300 |
_avi, 309 p. : _bill. (some col.) ; _c24 cm. |
||
| 500 | _aIncludes index. | ||
| 650 | 0 | _aPharmaceutical arithmetic. | |
| 650 | 1 | 2 |
_aPharmaceutical Preparations _xadministration & dosage _vNurses' Instruction. |
| 650 | 2 | 2 |
_aMathematics _vNurses' Instruction. |
| 710 | 2 | _aSpringhouse Corporation. | |
| 942 |
_2lcc _cBK _e2nd ed. _n0 |
||
| 999 |
_c4849 _d4849 |
||